000 00374nam a2200121Ia 4500
005 20251222141955.0
008 251222s9999||||xx |||||||||||||| ||spa||
082 _a150/C89
100 _aCriado Alzamora, Roberto
245 0 _aDiscurso de Orden con Ocasión del 40 Aniversario de la Creación de la Especialidad de Psicología
264 _bFondo Editorial PUCP
942 _cLIB
999 _c9827
_d9827